000 00304nam a22001337a 4500
008 170925b xxu||||| |||| 00| 0 eng d
020 _a9781551641706
041 _aeng
080 _a37
100 _a46
101 _aEDU
245 _aHOW 2 TAKE AN EXAM..&REMAKE THE WORLD
_cOLLMAN,B
942 _2udc
_cBK
999 _c29493
_d29493